| 000 | 00524nam a2200217Ia 4500 | ||
|---|---|---|---|
| 003 | OSt | ||
| 005 | 20230506123232.0 | ||
| 008 | 210423s2007 xx 000 0 und d | ||
| 020 | _a8183712039 | ||
| 040 | _cAL | ||
| 041 | _aeng | ||
| 082 |
_a574.192 _223 _b NAGS |
||
| 100 |
_aNAGINI (S). _999398 |
||
| 245 | _aText book of biochemistry. | ||
| 250 | _a2 | ||
| 260 |
_aKolkata _bScitech Publication _c2007 |
||
| 300 |
_a32.8,A.6,R.2,G.20,I.26 _bPB |
||
| 365 |
_b375 _cINR |
||
| 906 | _abiochemistry | ||
| 942 |
_2ddc _cBK |
||
| 999 |
_c163755 _d163755 |
||